000 00671nam a2200181 i 4500
001 84328
003 ES-MaACL
005 20250830063055.0
007 t|
008 041122s1926 sp ||||1| spa d
100 1 _aGiménez Soler, Andrés,
_d1869-1938
_966618
245 1 3 _aEl carácter de Don Pedro de Luna
_b: a propósito de la novela de D. Vicente Blasco Ibáñez "El Papa del mar" /
_cAndrés Jiménez Soler.
260 _aZaragoza :
_b[s.n.,
_c1926] (
_fTip. La Académica)
300 _a51 p. ;
_c24 cm.
594 _aPrecede al tít.: "Universidad" Revista de cultura y vida universitaria.
852 _aES-MaACL
_j1700-F-16
999 _c84328
_d84328